|
|
|
|
| LEADER |
00996cam a2200229 i 4500 |
| 008 |
170803s2018 nyu b 001 0 eng |
| 010 |
|
|
|a 2017023964
|
| 020 |
|
|
|a 9780199363643 (jacketed hardcover : alk. paper)
|
| 042 |
|
|
|a pcc
|
| 082 |
0 |
0 |
|a 331.133 OXF/O
|2 23
|
| 245 |
0 |
4 |
|a The Oxford handbook of workplace discrimination /
|c edited by Adrienne J. Colella, Eden B. King.
|
| 260 |
|
|
|a New York :
|b Oxford University Press ;
|c 2018.
|
| 300 |
|
|
|a xv, 467 pages ;
|c 26 cm
|
| 504 |
|
|
|a Includes bibliographical references and index.
|
| 650 |
|
0 |
|a Discrimination in employment.
|
| 700 |
1 |
|
|a Colella, Adrienne,
|d 1961-
|e editor.
|
| 700 |
1 |
|
|a King, Eden,
|e editor.
|
| 906 |
|
|
|a 7
|b cbc
|c orignew
|d 1
|e ecip
|f 20
|g y-gencatlg
|
| 942 |
|
|
|2 ddc
|c BK
|
| 955 |
|
|
|b rm15 2017-08-03
|i rm15 2017-08-03 (telework) to Dewey
|a xn01 2018-03-23 1 copy rec'd., to CIP ver.
|
| 999 |
|
|
|c 354876
|d 354876
|
| 952 |
|
|
|0 0
|1 0
|2 ddc
|4 0
|6 331_133000000000000_OXF_O
|7 0
|9 411699
|a PSY
|b PSY
|c ST1
|d 2021-02-04
|o 331.133 OXF/O
|p PSY4420
|r 2021-02-04
|y BK
|